ბათუმის შოთა რუსთაველის სახელმწიფო უნივერსიტეტის ბიბლიოთეკა

ჩანაწერი Corporate Name

ჩანაწერთა რაოდენობა, რომელიც გამოყენებულია: 1

001 - CONTROL NUMBER

  • control field: 25648

003 - CONTROL NUMBER IDENTIFIER

  • control field: GE_BSU

005 - DATE AND TIME OF LATEST TRANSACTION

  • control field: 20250715110421.0

008 - FIXED-LENGTH DATA ELEMENTS

  • fixed length control field: 250715|| aca||aabn | a|a d

040 ## - CATALOGING SOURCE

  • Original cataloging agency: GE_BSU
  • Transcribing agency: GE_BSU

110 ## - HEADING--CORPORATE NAME

  • Corporate name or jurisdiction name as entry element: ეკონომიკისა და ბიზნესის ფაკულტეტი

670 ## - SOURCE DATA FOUND

  • Source citation: Work cat.: (GE_BSU)63272: საერთაშორისო სამეცნიერო კონფერენცია ,, ეკონომიკისა და ბიზნესის გლობალური გამოწვევები და მდგრადი განვითარება"-2024 =INTERNATIONAL SCIENTIFIC CONFERENCE,, GLOBAL CHALLENGRS AND SUSTAINABLE DEVELOPMENT OF ECONOMICS AND BUSINESS"-2024.